Felvidéki fölény Esztergomban

Bibliographic Details
Main Author: Palágyi, Lajos, 1941- (Author)
Format: Article
Language:Hungarian
PhysicalDescription:Fotogr.
ISSN:1335-6631
Subjects:

MARC

LEADER 00000nab a2200000 a 4500
001 vtls011570991
003 SK-MaSNL
005 20260318122241.0
008 160803|2016 xo w| 000 0|hun
015 |a SNBRB2016/08 
038 |a DSZK 
040 |a DSZK  |b slo  |c DSZK  |e AACR2 
041 0 |a hun 
044 |a xo  |c SK 
080 |a 796.332.093.4  |x (4)  |2 2011 
100 1 |a Palágyi, Lajos,  |d 1941-  |4 aut  |9 840450 
245 1 0 |a Felvidéki fölény Esztergomban  |c Palágyi Lajos 
300 |b Fotogr. 
610 2 7 |a FC Csicsó  |2 dszk  |9 1086326 
611 2 7 |a International football Grand Prix seniors  |d (2016 :  |c Ostrihom, Maďarsko)  |2 dszk  |9 1569125 
648 7 |a 2016  |2 dszk  |9 339798 
650 0 7 |a futbal  |x starí páni  |2 dszk  |9 1090732 
651 7 |a Dunajská Streda (Slovensko)  |2 SNKPH  |9 17375 
651 7 |a Ostrihom (Maďarsko)  |2 SNKPH  |9 21449 
773 0 |t Szabad újság  |g Évf. XXII, sz. 31 (2016), o. 9  |x 1335-6631 
852 |a DSZK  |b KIS3GCP 
958 |a HU 
958 |a SK 
999 |c 3198608  |d 3200538